Vista normal Vista MARC

Entrada Personal Name

Número de registros utilizados en: 2

001 - CONTROL NUMBER

  • control field: 11382

003 - CONTROL NUMBER IDENTIFIER

  • control field: OSt

005 - DATE AND TIME OF LATEST TRANSACTION

  • control field: 20201009164343.0

008 - FIXED-LENGTH DATA ELEMENTS

  • fixed length control field: 201009|| aca||aabn | a|a d

040 ## - CATALOGING SOURCE

  • Original cataloging agency: OSt
  • Transcribing agency: OSt

100 ## - HEADING--PERSONAL NAME

  • Personal name: Mejía, Marco Raúl

670 ## - SOURCE DATA FOUND

  • Source citation: Work cat.: (OSt)0: Mejía, Marco Raúl, autor, Formación y educación para la democracia en Colombia :, 1997.